Statistics for Song Lyrics: Rammstein - Rammlied

Click here to take the quiz!

General Stats

  • This quiz has been taken 107 times
  • The average score is 100 of 149

Answer Stats

Text% Correct
Ein
96%
ein
96%
ein.
96%
das
92%
der
92%
Eine
92%
Rammstein.
92%
Rammstein,
92%
Legende.
90%
wir
88%
Zeit.
88%
Ende,
86%
Warten
86%
mit
84%
Wer
84%
euer
82%
hat
82%
einer
80%
Nun,
80%
und
80%
wartet
80%
Besonnenheit,
78%
Manche
76%
manche
76%
rechten
76%
folgen,
75%
folgen.
75%
in
75%
Ohr,
75%
Ohr
75%
wird
75%
führen,
73%
Hand.
71%
Hand
71%
zur
71%
Herz
69%
belohnt
67%
leiht
65%
Seele,
61%
sind
59%
traurig
53%
nicht
51%
schalte
51%
Blut,
49%
du
49%
keine
49%
Motiv,
49%
Spiel.
49%
Wenn
49%
Ziel,
49%
allein,
47%
Bist
47%
die
47%
Fleisch
47%
Kollektiv.
47%
Richtung,
47%
Weg,
47%
bleibt
45%
gutes
45%
Nacht.
45%
Vorwärts,
45%
vorwärts,
45%
einsam
43%
Fressen
43%
gefressen
43%
ist.
43%
ist,
43%
aus
41%
hier,
41%
ihr
41%
Miene,
41%
stehen,
41%
Verstand.
41%
was
41%
werden,
41%
Böse
39%
macht,
39%
richtig
39%
Antwort
37%
Sinn
37%
Sterne
37%
Freude
35%
nehmen
35%
viel.
35%
wenig,
35%
bekommt
33%
Gefühl,
33%
wisst,
31%
Form
29%
geben
25%

Score Distribution

Percentile by Number Answered

Percent of People with Each Score

Your Score History

You have not taken this quiz